000 01362nam a2200385 i 4500
001 BK0018548850
003 NjBwBT
005 20160913141427.0
008 160317s2016 mnua j 001 0 spa d
010 _abl2016011889
020 _a9781680804232 : LIB
020 _a1680804235 : LIB
037 _bAbdo Group, 8000 W 78th st Ste 310, Edina, MN, USA, 55439, (952)6982403
_nSAN 662-9172
040 _aNjBwBT
_beng
_cNjBwBT
_erda
041 1 _aspa
_heng
050 1 4 _aSF487.5
_b.M87318 2016
082 0 4 _a636.5
_223
100 1 _aMurray, Julie,
_d1969-
_eauthor.
240 1 0 _aChickens.
_lSpanish.
245 1 0 _aPollos /
_cJulie Murray.
260 _aMinneapolis, Minnesota :
_bAbdo Kids,
_c[2016]
264 1 _aMinneapolis, Minnesota :
_bAbdo Kids,
_c[2016]
300 _a24 pages :
_bcolor illustrations ;
_c23 x 25 cm.
336 _atext
_2rdacontent.
337 _aunmediated
_2rdamedia.
338 _avolume
_2rdacarrier.
490 1 _aAnimales de granja.
500 _aIncludes index.
520 _aIntroduces chickens, and describes their appearance, where they live on a farm, the sounds they make, what they eat, and how they pass their time.
650 0 _aChickens
_vJuvenile literature.
650 1 _aChickens.
650 1 _aSpanish language materials.
800 1 _aMurray, Julie,
_d1969-
_tFarm animals.
_lSpanish.
942 _2ddc
_cBK
999 _c16200
_d16200